000 00674nam a2200253Ia 4500
003 OSt
005 20221006144745.0
006 a|||||r|||| 00| 0
007 ta
008 221006b |||||||| |||| 00| 0 eng d
020 _c2423.00
024 _a12,625
037 _cTextual
040 _aEASL
_cEASL
_beng
041 _2eng
_aeng
082 _aV41:192.N89, N0
100 _aNEGANDHI Anant R
245 0 _aResearch in internatinal business and international relations
260 _aLondon
_bJai Press
_c1990
300 _a202p.
_ccm.
490 _v 4
942 _hV41:192.N89, N0
_cTEXL
_2CC
999 _c1080711
_d1080711